000 00444nam a2200217Ia 4500
003 IT-RoPAU
008 120407s9999 xx 000 0 und d
040 _aIT-RoPAU
040 _cIT-RoPAU
041 _afra
100 _aBernard Besret
245 _aClefs pour une nouvelle Eglise
250 _aParis
260 _aSeghers
260 _c1971
300 _a221 p.
300 _c18 cm
490 _v1
942 _cBK
999 _c29256
_d29256